Informatika v službách automotive : Zborník príspevkov

Saved in:
Bibliographic Details
Corporate Author: Odborná konferencia Bratislava
Format: Conference Proceeding Book
Language:English
Czech
Slovak
Subjects:
Tags: Add Tag
No Tags, Be the first to tag this record!

MARC

LEADER 00000nam a22000003a 4500
001 stu118410
005 20141122133610.6
008 060523s----------------------------eng-d
040 |a STU  |b slo 
041 0 |a eng  |a cze  |a slo 
080 |a 004  |7 stu_us_auth*stu9200 
111 2 |a Odborná konferencia  |d (17.5.2006 :  |c Bratislava) 
245 |a Informatika v službách automotive :  |b Zborník príspevkov 
300 |a 106 s 
650 7 |a automobilový priemysel  |2 stusub 
996 |b 284M073064  |c M*Z-2796  |l MMST  |s P  |a 0  |w stu118410_0001